| 000 | 00613nam a2200229Ia 4500 | ||
|---|---|---|---|
| 003 | OSt | ||
| 005 | 20220928145606.0 | ||
| 006 | a|||||r|||| 00| 0 | ||
| 007 | ta | ||
| 008 | 220927b |||||||| |||| 00| 0 eng d | ||
| 024 | _a81345 | ||
| 037 | _cTextual | ||
| 040 |
_aSDCL _cSDCL _beng |
||
| 041 |
_2eng _aeng |
||
| 082 | _aX:8, M2.1-.2 | ||
| 100 |
_aBerg Per Olof _9513554 |
||
| 245 | 0 | _aTraditions and trends in organization theory.2V. | |
| 260 | _c1982 | ||
| 700 |
_a Daudi Phillippe _9513555 |
||
| 942 |
_hX:8, M2.1-.2 _cTEXL _2CC |
||
| 999 |
_c834203 _d834203 |
||